Liedtext erkennen #10 - Statistiken

Allgemein
  • Dieses Quiz wurde 248 mal gespielt
  • Das Durchschnittsergebnis liegt bei 146 aus 376
Antwortstatistiken
Antwort % Korrekt
i
99%
I
99%
a
93%
A
93%
You
89%
you
89%
th
82%
he
76%
the
74%
love
73%
me
68%
and
64%
(and
64%
be
64%
is
63%
it
61%
when
61%
to
55%
my
52%
on
52%
can
50%
go
50%
in
48%
your
45%
so
44%
like
39%
that
38%
by
33%
man
33%
of
33%
badada
32%
badadadada
32%
badadadadada
32%
not
32%
badada
31%
There
28%
there
28%
say
26%
1994 Jahr
24%
Ooh
24%
know
23%
all
22%
but
22%
get
22%
did
20%
kiss
20%
now
20%
Now
20%
from
19%
would
19%
if
18%
youre
18%
cant
17%
more
17%
much
17%
Baby
16%
baby
16%
tell
16%
should
15%
been
14%
light
14%
wont
13%
eyes
12%
sea
11%
shine
11%
Seal Interpret
10%
yeah
10%
away)
9%
dark
9%
fall
9%
rose
9%
side
9%
alone
8%
thats
8%
become
7%
Ive
7%
Kiss From a Rose Lied
7%
seen
7%
high
6%
stranger
6%
feels
5%
hits
5%
kissed
5%
pain
5%
power
5%
bloom
4%
gray
4%
pleasure
4%
snows
4%
used
4%
became
3%
compare
3%
drug
3%
graying
3%
growing
3%
large
3%
pill
3%
remain
3%
tower
3%
addiction
2%
gloom
2%
healthy
2%
remained
2%
deny
1%
Keine übereinstimmenden Quizze gefunden
Verteilung der Resultate
Anzahl Personen mit jedem Resultat
Perzentil nach korrekt beantworteten Fragen
Ihre Resultats-Entwicklung
Sie haben dieses Quiz noch nicht gespielt